[Event "ROM-ch U10 Girls"]
[Site "Calimanesti Caciulata"]
[Date "2016.04.25"]
[Round "9"]
[White "Albescu, Andreea Monica"]
[Black "Suvac, Marina Irina"]
[Result "1-0"]
[WhiteElo "1121"]
[BlackElo "1001"]
[PlyCount "45"]
[EventDate "2016.04.18"]
[EventType "swiss"]
[EventRounds "9"]
[EventCountry "ROU"]
[SourceTitle "EXT 2017"]
[Source "ChessBase"]
[SourceDate "2016.10.25"]
[SourceVersion "1"]
[SourceVersionDate "2016.10.25"]
[SourceQuality "1"]

1. e4 e5 2. Nf3 Nc6 3. Bc4 Nf6 4. Ng5 d5 5. exd5 Nxd5 6. d4 exd4 7. Qf3 Be6 8. Nxe6 fxe6 9. 0-0 Ne5 10. Qh5+ Nf7 11. Re1 Qd7 12. Bxd5 g6 13. Qf3 c6 14. Bxe6 Qc7 15. Bxf7+ Kd8 16. Re8+ Kd7 17. Qg4+ Kd6 18. Bf4+ Kc5 19. Bxc7 Rxe8 20. Bxe8 Be7 21. b4+ Kb5 22. a4+ Kxb4 23. Qxd4# 1-0